Исследование турбулентного перемешивания в системе плоских неизотермических струй неоднородного газа: автореферат диссертации на соискание ученой степени кандидата технических наук

Detalles Bibliográficos
Autor Principal: Авдеев Е. Ф.
Autor Corporativo: Ленинградский политехнический институт им. М. И. Калинина (ЛПИ)
Outros autores: Лапин Ю. В. (научный руководитель)
Summary:Защита сост. 13.06.1967 г.
Idioma:ruso
Publicado: Ленинград, [Б. и.], 1967
Subjects:
Formato: Libro
KOHA link:https://koha.lib.tpu.ru/cgi-bin/koha/opac-detail.pl?biblionumber=348533

MARC

LEADER 00000nam0a2200000 4500
001 348533
005 20231102010122.0
035 |a (RuTPU)RU\TPU\retro\214 
090 |a 348533 
100 |a 20180226d1967 k y0rusy50 ca 
101 0 |a rus 
102 |a RU 
105 |a y dm 001zy 
200 1 |a Исследование турбулентного перемешивания в системе плоских неизотермических струй неоднородного газа  |e автореферат диссертации на соискание ученой степени кандидата технических наук  |f Е. Ф. Авдеев  |g Ленинградский политехнический институт им. М. И. Калинина (ЛПИ) ; науч. рук. Ю. В. Лапин 
210 |a Ленинград  |c [Б. и.]  |d 1967 
215 |a 13 с. 
300 |a Защита сост. 13.06.1967 г. 
320 |a Библиогр.: с. 12-13 (10 назв.) 
606 1 |a Газ неоднородный  |x Перемешивание турбулентное  |2 stltpush  |3 (RuTPU)RU\TPU\subj\4533  |9 32792 
610 1 |a неизотермические струи 
610 1 |a вязкие газы 
610 1 |a изотермические струи 
610 1 |a течение 
610 1 |a камеры 
610 1 |a расчетные данные 
610 1 |a турбулентный перенос 
610 1 |a тепломассоперенос 
610 1 |a пограничный слой 
610 1 |a турбулентное движение 
610 1 |a уравнения 
610 1 |a линеаризация 
610 1 |a авторефераты диссертаций 
675 |a 533.6.01(04)  |v 4 
700 1 |a Авдеев  |b Е. Ф. 
702 1 |a Лапин  |b Ю. В.  |4 727 
712 0 2 |a Ленинградский политехнический институт им. М. И. Калинина (ЛПИ)  |c (1924-1930, 1940-1990)  |2 stltpush  |3 (RuTPU)RU\TPU\col\2601 
801 1 |a RU  |b 63413507  |c 20180226 
801 2 |a RU  |b 63413507  |c 20220804  |g RCR 
942 |c BK